Základy poľnohospodárskej výroby pre osobitné odborné učilištia : živočíšna výroba. [Díl] 2 /

Hlavní autor: Varga, Stanislav
Další autoři: Štrupl, Jan, Horák, Josef
Jazyk: Čeština
Vydáno: Bratislava : Slovenské pedagogické nakladateľstvo, 1989
Vydání: 1.vyd.
Témata:
Fyzický popis: 127 s.
Knihy
Uloženo v:
LEADER 01116nam a22002772a 4500
001 000153974
003 CZ BrMZK
005 20200324085130.0
008 970107s1989 xo d p cze d
040 |a BOA001  |b cze 
072 7 |a 636  |x Chov zvířat. Živočišná výroba  |2 Konspekt  |9 24 
072 7 |a 37.016  |x Učební osnovy. Vyučovací předměty. Učebnice  |2 Konspekt  |9 22 
080 |a 636  |2 MRF 
080 |a (075.3)  |2 MRF 
100 1 |a Varga, Stanislav  |7 jx20040727052 
245 1 0 |a Základy poľnohospodárskej výroby pre osobitné odborné učilištia :  |b živočíšna výroba.  |n [Díl] 2 /  |c Stanislav Varga, Josef Horák, Jan Štrupl 
250 |a 1.vyd. 
260 |a Bratislava :  |b Slovenské pedagogické nakladateľstvo,  |c 1989 
300 |a 127 s. 
650 0 7 |a živočišná výroba  |7 ph128041  |2 czenas 
655 7 |a učebnice učňovských škol  |7 fd338605  |2 czenas 
700 1 |a Štrupl, Jan  |7 ola2007404929 
700 1 |a Horák, Josef  |7 jx20040615024 
910 |a BOA001  |b PK-N-0027.493,2 
990 |a BK 
996 7 |b 3119951417  |c PK-N-0027.493/2  |l MZK  |r Sklad / do 1 hodiny  |n 0  |w 000153974  |u 000010  |a 1  |e BOA001  |j MZK50  |s A